Statistics for Australian General Knowledge – Multiple Choice

Click here to take the quiz!

General Stats

  • This quiz has been taken 105 times
  • The average score is 10 of 15

Answer Stats

QuestionAnswer% Correct
What is Australia's longest river?Murray
86%
What is the most populous city in Australia?Sydney
86%
What is the Barossa Valley in South Australia famous for?Wine production
83%
In which Australian state or territory is Uluru located?Northern Territory
82%
Which Australian cricketer is considered by many to be 'the greatest sportsman of all time'?Don Bradman
67%
What is Australia's largest lake?Lake Eyre
67%
In which year did Australia become independent?1901
65%
Who was the first Prime Minister of Australia?Edmund Barton
64%
Which country is geographically closest to Australia?Papua New Guinea
64%
Which Australian island is considered to be the world's largest sand island?Fraser Island
60%
Through which state capital does the Swan River flow?Perth
59%
In which town, known as the Australian capital of country music, would you find the Big Golden Guitar?Tamworth
49%
The Sydney Harbour Bridge was based on the design for a bridge in which European city?Newcastle upon Tyne, UK
46%
What is the least populous state or territory of Australia?Northern Territory
38%
What is the town of Batlow famous for?Apples
37%

Score Distribution

Percentile by Number Answered

Percent of People with Each Score

Your Score History

You have not taken this quiz